000 00309nam a22001337a 4500
008 170731b xxu||||| |||| 00| 0 eng d
020 _a0538510269
041 _aeng
080 _22ND
_a004
100 _a32
101 _aSHK
245 _aINTEGRATED ACCOUNTING ON MICROCOMPUTERS
_cKLOOSTER
942 _2udc
_cBK
999 _c22261
_d22261